000 00365nam a2200157Ia 4500
003 Ost
005 20260225132551.0
008 260225s9999||||xx |||||||||||||| ||und||
040 _cfsic
041 _afre
082 _a791.43
100 _aeditions pensée
_eAuteur
245 0 _aRepertoire General des films /
245 0 _ceditions pensée
942 _cكتاب
999 _c34134
_d34134